000 00508nam a2200181Ia 4500
005 20250326141454.0
008 250326s9999 xx 000 0 und d
037 _aTextbook
040 _aFMSL
_beng
_cFMSL
041 _aeng
_2eng
084 _aX N5
_qFMSL
100 _aBonnet A
245 0 _aArtificial Intelligence: Promise and performance
_cBonnet A
260 _aNew York
_bNew York, Prentice-Hall international
_c1985
300 _a221p
942 _cTB
_hX N5
999 _c1290466
_d1290466